000 00531nam a2200193Ia 4500
003 GCL
008 140319s9999 xx 000 0 ara d
040 _aGCL /
_cGCL
082 0 4 _a956.9001
_bا س
100 1 _aابراهيم الحاردلو
245 1 0 _aالصهيونية وعداء السامية /
_cابراهيم الحاردلو
300 _a30 ص
490 _a
650 0 4 _aالتاريخ
650 0 4 _aالصهيونية
650 0 4 _aاليهود
650 0 4 _aاللغات السامية
942 _2ddc
_cBK
999 _c38447
_d38447